Boscoreale e le sue testimonianze archeologiche (Record no. 85839)

MARC details
000 -LEADER
campo de control de longitud fija 00963cam a22002657a 4500
001 - NÚMERO DE CONTROL
campo de control 85839
003 - IDENTIFICADOR DE NÚMERO DE CONTROL
campo de control ItRI
005 - FECHA Y HORA DE LA ÚLTIMA TRANSACCIÓN
campo de control 20260429103912.0
008 - DATOS DE LONGITUD FIJA--INFORMACIÓN GENERAL
campo de control de longitud fija 260429s1988 it |||||| ||||| |mul|c
040 ## - FUENTE DE CATALOGACIÓN
Lengua de catalogación ita
Centro catalogador/agencia de origen M-RABA
Centro/agencia transcriptor M-RABA
Centro/agencia modificador M-RABA
041 #7 - CÓDIGO DE IDIOMA
Código de lengua del texto/banda sonora o título independiente ita
-- mul
Fuente del código ISO-639-2
100 1# - ENTRADA PRINCIPAL--NOMBRE DE PERSONA
Nombre de persona De Caro, Stefano
Número de control del registro de autoridad o número normalizado IT\ICCU\CFIV\029173
9 (RLIN) 59617
245 10 - MENCIÓN DEL TÍTULO
Título Boscoreale e le sue testimonianze archeologiche
Resto del título / villa rustica in località V. Regina. MCMLXXXVIII
Mención de responsabilidad, etc. [testi elaborati da Stefano De Caro e Angelandrea Casale].
260 ## - PUBLICACIÓN, DISTRIBUCIÓN, ETC.
Lugar de publicación, distribución, etc. Boscoreale
Nombre del editor, distribuidor, etc. : [s.n.]
Fecha de publicación, distribución, etc. , 1988
300 ## - DESCRIPCIÓN FÍSICA
Extensión 16 p. :
Otras características físicas il. ;
Dimensiones 21 x 21 cm
500 ## - NOTA GENERAL
Nota general En cub.: Comune di Boscoreale, Assessorato ai beni culturali e ambientali
546 ## - NOTA DE IDIOMA
Nota de lengua/lenguaje Texto en italiano, alemán, francés e inglés.
650 #7 - PUNTO DE ACCESO ADICIONAL DE MATERIA--TÉRMINO DE MATERIA
Término de materia o nombre geográfico como elemento de entrada Arqueología
9 (RLIN) 18834
655 #4 - TERMINO DE INDIZACIÓN--GENERO/FORMA
Datos o término principal de género/forma Folletos
9 (RLIN) 61837
700 1# - ENTRADA AGREGADA--NOMBRE PERSONAL
Nombre de persona Casale, Angelandrea,
Fechas asociadas al nombre 1953-
9 (RLIN) 111701
852 ## - LOCALIZACIÓN
Número de control de estantería F-16111
982 #1 - EQUIVALENCIA O REFERENCIA-CRUZADA-MENCIÓN DE SERIE--NOMBRE DE CONFERENCIA O REUNIÓN/CONGRESO/TÍTULO [LOCAL, CANADÁ]
Enlace z01
Nombre de congreso/reunión o jurisdicción como elemento de entrada n
942 ## - ELEMENTOS DE ENTRADA SECUNDARIOS (KOHA)
Tipo de ítem Koha Fondo moderno
Suprimir en OPAC No
981 #1 - EQUIVALENCIA O REFERENCIA-CRUZADA-MENCIÓN DE SERIE--NOMBRE DE ENTIDAD CORPORATIVA/TÍTULO [LOCAL, CANADÁ]
Enlace z01
Nombre de entidad corporativa o nombre de jurisdicción como elemento de entrada i
Unidad subordinada xxxe
Holdings
Estatus retirado Estado de pérdida Fuente de la clasificación o esquema de estantería Estado de daño No para préstamo Biblioteca de origen Biblioteca actual Ubicación en estantería Fecha de adquisición Fuente de adquisición Número de inventario Total de préstamos Signatura topográfica completa Código de barras Visto por última vez Precio de reemplazo Tipo de ítem Koha Nota pública
    Clasificación Decimal Dewey     Real Academia de la Bellas Artes de San Fernando Real Academia de la Bellas Artes de San Fernando Depósito 2 29/04/2026 D 48235   F-16111 1097132 29/04/2026 29/04/2026 Fondo moderno Donación de Vincenzo Giuseppe Sabini

Powered by Koha